| 000 | 00752nam a2200265 a 4500 | ||
|---|---|---|---|
| 001 | 37752 | ||
| 003 | BD-RjUL | ||
| 005 | 20211209052639.0 | ||
| 008 | 150615s1971 nyua b 001 0 eng | ||
| 020 | _a0471490210 | ||
| 035 | _a(BD-RjUL)37856 | ||
| 040 |
_aDLC _cDLC _dDLC _dBD-RjUL _beng |
||
| 041 | _aeng | ||
| 082 | 0 | 0 |
_a530.41 _bKII 1971 _223 |
| 100 | 1 |
_aKittel, Charles. _9116889 |
|
| 245 | 1 | 0 |
_aIntroduction to solid state physics / _cCharles Kittel. |
| 250 | _a4th ed. | ||
| 260 |
_aNew York : _bWiley. _cc1971. |
||
| 300 |
_axv, 766 p. : _bill. ; _c25 cm. |
||
| 504 | _aIncludes bibliographical references. | ||
| 650 | 0 |
_aSolids state physics _9116890 |
|
| 740 | _aSolid state physics. | ||
| 942 |
_2ddc _cBK _04 |
||
| 999 |
_c37752 _d37752 |
||